| 000 | 00903nam a22002057a 4500 | ||
|---|---|---|---|
| 005 | 20111013103837.0 | ||
| 008 | 111013t xxu||||| |||| 00| 0 eng d | ||
| 010 | _aENG-103964 | ||
| 020 | _c65.00 | ||
| 035 | _aEN-87497 | ||
| 037 | _bDBAD/PUB | ||
| 040 |
_aDPL _bEng |
||
| 082 | _a343.0748 | ||
| 245 |
_aThe foreign contribution (regulation) act, 2010 (42 of 2010) with the foreign contribution (regulation) act, 1976 (49 of 1976) repealed by act 42 of 2010 along with short notes _heng |
||
| 260 |
_aDelhi _bUniversal Law Publishing _c2011 |
||
| 270 |
_aC-FF-1A, Dilkhush Industrial Estate, (Opp. Hans Cinema, Azadpur) G.T. Karnal Road, _bDelhi _e110033 |
||
| 300 |
_aiv,63,6p. _c24cm (pbk) |
||
| 942 |
_2ddc _cEN _h343.0748 _mFOR |
||
| 999 |
_c57583 _d57583 |
||